Регионална библиотека "Любен Каравелов" - Русе

Непобедимата армада (Запис номер 374641)

MARC детайли
000 -Лидер
Контролно поле с фиксирана дължина 01259nam a2200277 a 4500
003 - Код на организацията, давaща контролен номер
Контролно поле BLK
005 - Дата и час на последна редакция
Контролно поле 20240312101914.0
008 - Елементи от данни с фиксирана дължина
fixed length control field 200713b bu ||||| |||| 00| 0 bu d
020 ## - Международен стандартен номер на книга ISBN
Международен стандартен номер на книга ISBN 954-445-017-5
040 ## - Източник на каталожния запис
Идентификатор на билиотеката - собственик на записа BLK
041 ## - Код за език
Код за езика на текст/звукозапис или на отделно заглавие Български
Код за езика КДБФ Български
080 ## - УДК
Текстов определител УДК Българска литература
УДК код - определител по УДК 821.163.2
УДК определител (082.2)
УДК - код + определител 821.163.2(082.2)
139 ## - Редно поле
Редна дума Непобедимата армада
245 ## - Сведения за заглавието
Заглавие Непобедимата армада
Подзаглавни данни Антология на съвременния български разказ
Редно поле (дума) състав. Васил Колев ; предг. Светозар Игов.
257 ## - Страна на издаване
Страна на създаване/издаване България
260 ## - Област на издателските данни
9 (RLIN) 209701
Място на издаване, разпространение и проч. София
Име на издателя, разпространителя и проч. Александър Панов
Година на издаване 1993
300 ## - Физическа характеристика
Страници 350 с.
Размери/Мащаб 20 см
380 ## - Жанр
Жанр Худож. лит.
700 ## - Други автори (авторска отговорност)
9 (RLIN) 302231
Лично име Колев, Васил Тодоров
Автороска отговорност (Описва отношението между автора и произведението) състав.
700 1# - Други автори (авторска отговорност)
Лично име Игов, Светлозар Атанасов
Дати, свързани с автора 1945-2023
Друга информация Филолог, славянска филология (1966). Литературен критик, историк. Поет, белетрист. Преводач от сърбохърватски език
9 (RLIN) 72055
852 ## - Местоположение
Форматна сигнатура Цб 176379
Фондова буква Хранилище
942 ## - АРТИКУЛИ
Вид на библиотечния материал Книги
Скрит в OPAC Не
Периодичен библиозапис Да
999 ## - СИСТЕМНИ КОНТРОЛНИ НОМЕРА
Koha biblionumber 374641
Koha biblioitemnumber 374641
999 ## - СИСТЕМНИ КОНТРОЛНИ НОМЕРА
Koha biblioitemnumber 374641
999 ## - СИСТЕМНИ КОНТРОЛНИ НОМЕРА
Koha biblioitemnumber 374641
944 ## - СЪЗДАВАНЕ И РЕДАКЦИЯ на ЗАПИСА
Служител, извършил регистрацията/редакцията 30560
Статус, дата на статуса Геновева Генчева
Наличности
Код за отписване Код за изгубен артикул Източник на класификационната схема Код за повреда Коз за рестрикции Код за отдаване Артикулен № Име на библиотеката - собственик Име на библиотеката, в която се намира в момента Статус (Текущо местоположение) Дата на вписване в системата Местоположение - отдел Цена в лева Инвентарен номер Систематично азбучна сигнатура Баркод Цена в евро Служебен тип на артикула
  Не е изгубен Universal Decimal Classification Не е повреден без рестрикции ползва се в читалня 783941 Регионална библиотека "Любен Каравелов" Русе Регионална библиотека "Любен Каравелов" Русе Хранилище 2020-07-14 Хранилище 0.36 600581 Цб 176379 120000600581 0.18 Книги
Vip Innovations Ltd, Rousse, Bulgaria 2025